000 00762nam a2200277 a 4500
999 _c9086
_d9086
001 9086
003 BD-JhCC
005 20180312104742.0
008 180308s1981 u a b 001 0 eng d
020 _cRs200.00
035 _a(BD-JhCC)9086
040 _aBD-JhCC
_cDLC
_dBD-JhCC
041 _aeng
050 0 0 _aPK7031
_b.L58 1985
082 0 0 _a891/.499
_219
_bGUT 1981
100 _aGuth, Hans P.
245 0 4 _aThe Literary heritage /
_cHans P. Guth,
260 _aToronto :
_bD.C. Heath and Company,
_c1981.
300 _axi, 787 p. ;
_c24 cm.
_bill. ;
500 _aIncludes index.
504 _aBibliography: p. [301]-306.
650 0 _a literature
_xHistory and criticism.
651 0 _aU. S. A.
_xCivilization.
942 _2ddc
_cBK